Southville International School and Colleges
Your cart is empty.
  • Cart
  • Lists
    Public lists Eva Luna New books Lux_list list_1
    Your lists Log in to create your own lists
  • Log in to your account
  • Your cookies
  • Search history
Southville International School and Colleges
  • Advanced search
  • Recent comments
  • Most popular
  • Libraries

Log in to your account

Log in with GOOGLE


If you do not have an external account, but do have a local account, you can still log in:

  1. Home
  2. MARC view: Allegiant /
Normal view MARC view ISBD view

Allegiant / (Record no. 317064)

[ view plain ]
MARC details
000 -LEADER
fixed length control field 02277cam a22004577i 4500
001 - CONTROL NUMBER
control field 17752196
003 - CONTROL NUMBER IDENTIFIER
control field LC
005 - DATE AND TIME OF LATEST TRANSACTION
control field 20170301093659.0
008 - FIXED-LENGTH DATA ELEMENTS--GENERAL INFORMATION
fixed length control field 130524s2013 nyu d 000 1 eng d
010 ## - LIBRARY OF CONGRESS CONTROL NUMBER
LC control number 2013941315
020 ## - INTERNATIONAL STANDARD BOOK NUMBER
International Standard Book Number 9780062396969
035 ## - SYSTEM CONTROL NUMBER
System control number (OCoLC)ocn855550266
040 ## - CATALOGING SOURCE
Original cataloging agency UPZ
Language of cataloging eng
Transcribing agency UPZ
Description conventions rda
Modifying agency NZAUC
-- OCLCO
-- BDX
-- BTCTA
-- IEB
-- JAG
-- NYP
-- IEP
-- NDS
-- IXA
-- DLC
042 ## - AUTHENTICATION CODE
Authentication code lccopycat
050 00 - LIBRARY OF CONGRESS CALL NUMBER
Classification number PZ7.R7375
Item number Al 2013
082 00 - DEWEY DECIMAL CLASSIFICATION NUMBER
Classification number [Fic]
100 1# - MAIN ENTRY--PERSONAL NAME
Personal name Roth, Veronica,
Relator term author.
245 10 - TITLE STATEMENT
Title Allegiant /
Statement of responsibility, etc Veronica Roth.
250 ## - EDITION STATEMENT
Edition statement First edition.
260 ## - PUBLICATION, DISTRIBUTION, ETC. (IMPRINT)
Place of publication, distribution, etc New York:
Name of publisher, distributor, etc Katherine Tegen Books
Date of publication, distribution, etc 2013
300 ## - PHYSICAL DESCRIPTION
Extent 526 pages ;
Dimensions 22 cm.
490 1# - SERIES STATEMENT
Series statement Divergent series ;
Volume number/sequential designation bk. 3
500 ## - GENERAL NOTE
General note Sequel to: Insurgent.
520 ## - SUMMARY, ETC.
Summary, etc The faction-based society that Tris Prior once believed in is shattered -- fractured by violence and power struggles and scarred by loss and betrayal. So when offered a chance to explore the world past the limits she's known, Tris is ready. Perhaps beyond the fence, she and Tobias will find a simple new life together, free from complicated lies, tangled loyalties, and painful memories. But Tris's new reality is even more alarming than the one she left behind. Old discoveries are quickly rendered meaningless. Explosive new truths change the hearts of those she loves. And once again, Tris must battle to comprehend the complexities of human nature -- and of herself -- while facing impossible choices about courage, allegiance, sacrifice and love.
650 #0 - SUBJECT ADDED ENTRY--TOPICAL TERM
Topical term or geographic name as entry element Dystopias
Form subdivision Juvenile fiction.
650 #0 - SUBJECT ADDED ENTRY--TOPICAL TERM
Topical term or geographic name as entry element Identity (Philosophical concept)
Form subdivision Juvenile fiction.
650 #0 - SUBJECT ADDED ENTRY--TOPICAL TERM
Topical term or geographic name as entry element Families
Form subdivision Juvenile fiction.
650 #0 - SUBJECT ADDED ENTRY--TOPICAL TERM
Topical term or geographic name as entry element Courage
Form subdivision Juvenile fiction.
650 #0 - SUBJECT ADDED ENTRY--TOPICAL TERM
Topical term or geographic name as entry element Social classes
Form subdivision Juvenile fiction.
650 #0 - SUBJECT ADDED ENTRY--TOPICAL TERM
Topical term or geographic name as entry element Loyalty
Form subdivision Juvenile fiction.
650 #1 - SUBJECT ADDED ENTRY--TOPICAL TERM
Topical term or geographic name as entry element Dystopias
Form subdivision Fiction.
650 #1 - SUBJECT ADDED ENTRY--TOPICAL TERM
Topical term or geographic name as entry element Social classes
Form subdivision Fiction.
650 #1 - SUBJECT ADDED ENTRY--TOPICAL TERM
Topical term or geographic name as entry element Loyalty
Form subdivision Fiction.
650 #1 - SUBJECT ADDED ENTRY--TOPICAL TERM
Topical term or geographic name as entry element Science fiction.
655 #0 - INDEX TERM--GENRE/FORM
Genre/form data or focus term Science fiction.
655 #0 - INDEX TERM--GENRE/FORM
Genre/form data or focus term Young adult fiction.
800 1# - SERIES ADDED ENTRY--PERSONAL NAME
Personal name Roth, Veronica.
Title of a work Divergent series ;
Volume/sequential designation bk. 3.
906 ## - LOCAL DATA ELEMENT F, LDF (RLIN)
a 7
b cbc
c copycat
d 2
e epcn
f 20
g y-gencatlg
942 ## - ADDED ENTRY ELEMENTS (KOHA)
Source of classification or shelving scheme Library of Congress Classification
Koha item type Books
Holdings
Withdrawn status Lost status Source of classification or shelving scheme Damaged status Home library Current library Shelving location Date acquired Source of acquisition Total Checkouts Full call number Barcode Date last seen Date checked out Price effective from Koha item type
    Library of Congress Classification   Luxembourg Library Luxembourg Library Fiction Section 03/01/2017 Library Fund 2 PZ 7 .R7375 Al 2013 20368 09/22/2017 09/22/2017 03/01/2017 Books

Allegiant /

APA

Roth V., . (2013). Allegiant. New York: Katherine Tegen Books.

Chicago

Roth Veronica, . 2013. Allegiant. New York: Katherine Tegen Books.

Harvard

Roth V., . (2013). Allegiant. New York: Katherine Tegen Books.

MLA

Roth Veronica, . Allegiant. New York: Katherine Tegen Books. 2013.

  • Place hold
  • Print
  • Cite
  • Add to your cart (remove)
  • Save record
    BIBTEX Dublin Core MARCXML MARC (non-Unicode/MARC-8) MARC (Unicode/UTF-8) MARC (Unicode/UTF-8, Standard) MODS (XML) RIS
  • More searches
    Search for this title in:
    Other Libraries (WorldCat) Other Databases (Google Scholar) Online Stores (Bookfinder.com) Open Library (openlibrary.org)

Exporting to Dublin Core...

SOUTHVILLE LIBRARY

Southville International School and Colleges Library

1281 Tropical Ave. Cor. Luxembourg St., BF Homes International, Las Pinas City

Tel. No. 8256374 / 252358 Loc. 117/146

Powered by Koha